| 000 | 00419nam a2200169Ia 4500 | ||
|---|---|---|---|
| 003 | GCL | ||
| 008 | 140319s9999 xx 000 0 eng d | ||
| 040 |
_aGCL / _cGCL |
||
| 082 | 0 | 4 |
_a843 _bR L \\=aROY, CLAUDEv |
| 245 | 1 | 0 | _aLEONE ET LES SIENS |
| 260 |
_a[S.N] : _bGALLIMARD ، _c1987 |
||
| 300 | _a305 P | ||
| 490 |
_aCOLLECTION FOLIO _v0 |
||
| 650 | 0 | 4 | _aLITERATURE |
| 650 | 0 | 4 | _aFRENCH LITERATURE |
| 942 |
_2ddc _cBK |
||
| 999 |
_c23438 _d23438 |
||